000 00514nam a22001817a 4500
005 20260428170629.0
008 260428b |||||||| |||| 00| 0 eng d
020 _a9781558605466
_qhbk
041 _aeng
082 _a343.730994 BLA
100 _aK. Black, Sharon
245 _aTelecommunications Law in the Internet Age
_c/Sharon K. Black:
260 _aUSA
_bAcademic press
_c2002
300 _axix, 516p. :
_c24cm.
504 _aindex
650 _aMilitary, tax, trade & industrial law
942 _cENGLISH
999 _c621298
_d621298